[Event "Rio Verde Goiano op"]
[Site "Rio Verde"]
[Date "2023.12.01"]
[Round "2"]
[White "Mota, Pedro Vinicius Bran"]
[Black "Da Silva, Caua Borges Leite"]
[Result "1/2-1/2"]
[WhiteElo "1357"]
[BlackElo "1800"]
[PlyCount "73"]
[EventDate "2023.12.01"]
[EventType "swiss"]
[EventRounds "6"]
[EventCountry "BRA"]
[SourceTitle "CB50_2023"]
[SourceDate "2023.12.13"]
[SourceVersion "1"]
[SourceVersionDate "2023.12.13"]
[SourceQuality "1"]

1. e4 e6 2. d4 d5 3. Nd2 Nf6 4. exd5 Nxd5 5. Ngf3 c5 6. Bb5+ Bd7 7. Bxd7+ Nxd7 8. 0-0 cxd4 9. Nb3 Be7 10. Nbxd4 0-0 11. c4 N5f6 12. Be3 Rc8 13. Qb3 b6 14. Rfd1 Bc5 15. Bg5 Bxd4 16. Rxd4 Qc7 17. Rad1 e5 18. Rh4 e4 19. Bf4 Qxc4 20. Qxc4 Rxc4 21. Ne5 Nxe5 22. Bxe5 Rfc8 23. Bc3 h6 24. h3 Ne8 25. Rd4 Rxd4 26. Bxd4 f5 27. Rf4 g6 28. g4 Rd8 29. Be3 Ng7 30. gxf5 gxf5 31. f3 Rd3 32. Kf2 exf3 33. Rxf3 h5 34. h4 Kf7 35. Kg3 Kg6 36. Kf2 Kf7 37. Kg3 1/2-1/2